000 00664nam a2200193 i 4500
001 99034
003 ES-MaACL
005 20230906182426.0
007 t|
008 051110s1957 sp ||||1| spa d
080 _a351.83:331.88(460)
245 0 3 _aEl Enlace Sindical
_b: nombramiento, función, garantías y desposesión de su cargo.
260 _a[Madrid :
_bs.n.,
_c1957] (
_fImpr. Pueblo)
300 _a48 p. ;
_c17 cm.
500 _aPrecede al tit.: Centro de Estudios Sindicales.
650 1 4 _aRepresentantes sindicales-
_xEstatuto jurídico-
_yEspaña.
_916852
710 2 _aCentro de Estudios Sindicales.
_92669
852 _aES-MaACL
_j2003-F-14
_bR.41443
999 _c99034
_d99034